| 000 | 00519nam a22001937a 4500 | ||
|---|---|---|---|
| 003 | CEME | ||
| 005 | 20210628204054.0 | ||
| 008 | 210107b xxu||||| |||| 00| 0 eng d | ||
| 020 | _a9780538168145 | ||
| 040 | _cceme | ||
| 082 | _a005.2762 GOS | ||
| 100 |
_aGosselin, Don , Kokoska, Diana , Easterbrooks, Robert _968583 |
||
| 245 | _aPhp programming with mysql | ||
| 250 | _a2ND | ||
| 260 |
_aUSA _bCENGAGE LEARNING _c2011 |
||
| 300 | _aXX, 694P | ||
| 650 |
_aPHP PROGRAMMING WITH MYSQL _968584 |
||
| 942 |
_cBK _2ddc |
||
| 999 |
_c576122 _d576122 |
||